[Event "SLO-chT (Women)"]
[Site "Ljubljana"]
[Date "2014.04.11"]
[Round "5.1"]
[White "Orehek, Spela"]
[Black "Bajt, Indira"]
[Result "1-0"]
[WhiteElo "2018"]
[BlackElo "2189"]
[PlyCount "55"]
[EventDate "2014.04.04"]
[EventType "team-tourn"]
[EventRounds "7"]
[EventCountry "SLO"]
[SourceTitle "EXT 2019"]
[Source "ChessBase"]
[SourceDate "2018.10.10"]
[SourceVersion "1"]
[SourceVersionDate "2018.10.10"]
[SourceQuality "1"]
[WhiteTeam "Domzale (W)"]
[BlackTeam "Novo Mesto Krka (W)"]
[WhiteTeamCountry "SLO"]
[BlackTeamCountry "SLO"]

1. e4 e5 2. Nf3 d6 3. d4 Nf6 4. dxe5 Nxe4 5. Bc4 Be6 6. Bxe6 fxe6 7. exd6 cxd6 8. Qe2 d5 9. Nbd2 Ng5 10. Nxg5 Qxg5 11. Qxe6+ Qe7 12. Qxe7+ Bxe7 13. Nf3 Nc6 14. Be3 Nb4 15. 0-0-0 Nxa2+ 16. Kb1 Nb4 17. c3 Nc6 18. Rxd5 0-0 19. Rd7 Rab8 20. Bxa7 Ra8 21. Be3 b5 22. Re1 Bf6 23. Bc5 Rfc8 24. Rb7 Na5 25. Rxb5 Nc4 26. Bd4 Rcb8 27. Rxb8+ Rxb8 28. Re2 1-0

[Event "SLO-chT (Women)"]
[Site "Ljubljana"]
[Date "2014.04.06"]
[Round "3.2"]
[White "Bajt, Indira"]
[Black "Kejzar, Petra"]
[Result "1-0"]
[WhiteElo "2189"]
[BlackElo "1948"]
[PlyCount "51"]
[EventDate "2014.04.04"]
[EventType "team-tourn"]
[EventRounds "7"]
[EventCountry "SLO"]
[SourceTitle "EXT 2019"]
[Source "ChessBase"]
[SourceDate "2018.10.10"]
[SourceVersion "1"]
[SourceVersionDate "2018.10.10"]
[SourceQuality "1"]
[WhiteTeam "Novo Mesto Krka (W)"]
[BlackTeam "Kranj Tomo Zupan (W)"]
[WhiteTeamCountry "SLO"]
[BlackTeamCountry "SLO"]

1. e4 c5 2. Nf3 Nc6 3. d4 cxd4 4. Nxd4 Qb6 5. Nb5 a6 6. Be3 Qa5+ 7. N5c3 Nf6 8. Nd2 b5 9. Nb3 Qc7 10. Be2 e6 11. 0-0 Be7 12. a3 0-0 13. f4 d6 14. g4 Bb7 15. g5 Nd7 16. f5 Nce5 17. Nd4 exf5 18. exf5 Rac8 19. Qe1 Rfe8 20. Qg3 Bf8 21. Rad1 Nb6 22. Rf4 Ba8 23. Rh4 Nf3+ 24. Bxf3 Rxe3 25. Rxh7 Bxf3 26. Qh4 1-0

[Event "SLO-chT (Women)"]
[Site "Ljubljana"]
[Date "2014.04.05"]
[Round "2.2"]
[White "Mihevc Mohr, Narcisa"]
[Black "Bajt, Indira"]
[Result "1-0"]
[WhiteElo "2067"]
[BlackElo "2189"]
[PlyCount "57"]
[EventDate "2014.04.04"]
[EventType "team-tourn"]
[EventRounds "7"]
[EventCountry "SLO"]
[SourceTitle "EXT 2019"]
[Source "ChessBase"]
[SourceDate "2018.10.10"]
[SourceVersion "1"]
[SourceVersionDate "2018.10.10"]
[SourceQuality "1"]
[WhiteTeam "Maribor ZSK (W)"]
[BlackTeam "Novo Mesto Krka (W)"]
[WhiteTeamCountry "SLO"]
[BlackTeamCountry "SLO"]

1. e4 c5 2. Nf3 e6 3. d4 cxd4 4. Nxd4 a6 5. Nc3 g6 6. Be3 Bg7 7. Qd2 Nc6 8. Bc4 Qc7 9. Bb3 Ne5 10. f3 Nc4 11. Ncb5 axb5 12. Nxb5 Qc6 13. Bxc4 Be5 14. Bd4 Qxc4 15. Bxe5 Qxb5 16. Bxh8 f6 17. Bg7 Kf7 18. Bh6 g5 19. h4 Qxb2 20. Rd1 Nxh6 21. hxg5 Ng8 22. Rxh7+ Kg6 23. Rh8 Kg7 24. Rh4 f5 25. exf5 Qe5+ 26. Kf1 Qxf5 27. Qc3+ e5 28. Re4 Qxg5 29. Rg4 1-0

[Event "Ljubljana-chT 65th Superliga"]
[Site "Ljubljana"]
[Date "2012.03.15"]
[Round "8.3"]
[White "Bajt, Indira"]
[Black "Trebusak, Anton"]
[Result "0-1"]
[WhiteElo "2206"]
[BlackElo "1960"]
[PlyCount "100"]
[EventDate "2012.01.12"]
[EventType "team-tourn"]
[EventRounds "9"]
[EventCountry "SLO"]
[SourceTitle "EXT 2022"]
[Source "ChessBase"]
[SourceDate "2021.10.06"]
[SourceVersion "1"]
[SourceVersionDate "2021.10.06"]
[SourceQuality "1"]
[WhiteTeam "Mentor"]
[BlackTeam "Komenda Pogi"]
[WhiteTeamCountry "SLO"]
[BlackTeamCountry "SLO"]

1. e4 c6 2. d4 d5 3. e5 e6 4. Nf3 c5 5. c3 Nc6 6. Bd3 Qb6 7. 0-0 Bd7 8. Be2 Nge7 9. Na3 cxd4 10. cxd4 Nf5 11. Nc2 Be7 12. Re1 Rc8 13. Rb1 Nb4 14. Nxb4 Bxb4 15. Rf1 Be7 16. b4 0-0 17. Bd3 Bb5 18. g4 Nh6 19. Bg5 Bxg5 20. Nxg5 Bxd3 21. Qxd3 g6 22. Qh3 Kg7 23. Rfd1 Rc4 24. Nf3 Rxb4 25. Rbc1 Rc4 26. Qh4 Ng8 27. Qg5 Rfc8 28. Rb1 Rb4 29. Rxb4 Qxb4 30. h4 Qc4 31. Kg2 Qxa2 32. h5 Qc2 33. Re1 h6 34. Qf4 g5 35. Nxg5 hxg5 36. Qxg5+ Kh7 37. Qf4 Nh6 38. Qf6 Nxg4 39. Qxf7+ Kh8 40. h6 Qxf2+ 41. Qxf2 Nxf2 42. Kxf2 Kh7 43. Ra1 a6 44. Rb1 b5 45. Ra1 Rc6 46. Rh1 b4 47. Kg3 b3 48. Kg4 b2 49. Rb1 Rb6 50. Kg5 a5 0-1

[Event "Ljubljana-chT 65th Superliga"]
[Site "Ljubljana"]
[Date "2012.01.12"]
[Round "1.3"]
[White "Bajt, Indira"]
[Black "Lesjak, Damjan"]
[Result "1/2-1/2"]
[WhiteElo "2206"]
[BlackElo "1905"]
[PlyCount "106"]
[EventDate "2012.01.12"]
[EventType "team-tourn"]
[EventRounds "9"]
[EventCountry "SLO"]
[SourceTitle "EXT 2022"]
[Source "ChessBase"]
[SourceDate "2021.10.06"]
[SourceVersion "1"]
[SourceVersionDate "2021.10.06"]
[SourceQuality "1"]
[WhiteTeam "Mentor"]
[BlackTeam "Visnja Gora Sticna"]
[WhiteTeamCountry "SLO"]
[BlackTeamCountry "SLO"]

1. e4 c5 2. Nf3 Nc6 3. d4 cxd4 4. Nxd4 d6 5. c4 g6 6. Nc3 Bg7 7. Be3 Nf6 8. Be2 0-0 9. f3 Qb6 10. Nxc6 Qxc6 11. 0-0 Be6 12. Nd5 Qd7 13. Qd2 Rfc8 14. Rad1 Bxd5 15. cxd5 Qa4 16. b3 Qa3 17. Rc1 a6 18. Bb6 Nd7 19. Be3 Qb2 20. Rc4 Rxc4 21. Qxb2 Bxb2 22. bxc4 Bc3 23. Rb1 Nc5 24. f4 f6 25. Bf3 a5 26. Kf1 Bb4 27. Bxc5 Bxc5 28. Rxb7 Kf8 29. Rb5 a4 30. e5 Ra7 31. Bg4 f5 32. Bd1 a3 33. g4 fxg4 34. Bxg4 Ra4 35. Be2 Rb4 36. Rxb4 Bxb4 37. Kf2 Bc3 38. Ke3 Bb4 39. Ke4 Kf7 40. Bg4 Bc5 41. h4 Bf2 42. h5 Bg3 43. Be6+ Kg7 44. hxg6 hxg6 45. c5 dxc5 46. f5 gxf5+ 47. Kxf5 c4 48. Bd7 Kf7 49. Ke4 c3 50. Ba4 Kg6 51. Kd4 Kf7 52. e6+ Kf6 53. Kxc3 Bd6 1/2-1/2

[Event "Ljubljana-chT 64th Superliga"]
[Site "Ljubljana"]
[Date "2011.03.10"]
[Round "7.4"]
[White "Bajt, Indira"]
[Black "Kosir, Franci"]
[Result "1-0"]
[WhiteElo "2215"]
[BlackElo "2055"]
[PlyCount "75"]
[EventDate "2011.01.13"]
[EventType "team-tourn"]
[EventRounds "9"]
[EventCountry "SLO"]
[SourceTitle "EXT 2022"]
[Source "ChessBase"]
[SourceDate "2021.10.06"]
[SourceVersion "1"]
[SourceVersionDate "2021.10.06"]
[SourceQuality "1"]
[WhiteTeam "Mentor"]
[BlackTeam "Domzale SD"]
[WhiteTeamCountry "SLO"]
[BlackTeamCountry "SLO"]

1. e4 c5 2. Nf3 d6 3. d4 cxd4 4. Nxd4 Nf6 5. Nc3 g6 6. g3 Nc6 7. Nb3 Bd7 8. Bg2 Qc8 9. Nd5 Bg7 10. 0-0 0-0 11. Bg5 Re8 12. Nxf6+ exf6 13. Bf4 Bh3 14. Qxd6 Bxg2 15. Kxg2 Rxe4 16. Rfe1 Qe8 17. Kf1 Rd8 18. Qc7 Qe6 19. Rad1 Re8 20. Rxe4 Qxe4 21. Kg1 g5 22. Be3 Qxc2 23. Re1 Qxb2 24. Qxb7 Ne5 25. Bd4 Qxa2 26. Bxe5 fxe5 27. Ra1 Qc2 28. Rxa7 Qf5 29. Nc5 e4 30. Ra8 Rxa8 31. Qxa8+ Bf8 32. Nxe4 Qe5 33. Qc6 Kg7 34. Kg2 Be7 35. g4 h6 36. Ng3 Qe6 37. Nf5+ Kh7 38. Qxe6 1-0

[Event "Moscow Aeroflot op-B 10th"]
[Site "Moscow"]
[Date "2011.02.16"]
[Round "9"]
[White "Ivakhinova, Inna"]
[Black "Bajt, Indira"]
[Result "1-0"]
[WhiteElo "2324"]
[BlackElo "2215"]
[PlyCount "97"]
[EventDate "2011.02.08"]
[EventType "swiss"]
[EventRounds "9"]
[EventCountry "RUS"]
[SourceTitle "CBM 140 Extra"]
[Source "ChessBase"]
[SourceDate "2011.03.01"]
[SourceVersion "1"]
[SourceVersionDate "2011.03.01"]
[SourceQuality "1"]

1. d4 Nf6 2. c4 g6 3. Nc3 Bg7 4. e4 d6 5. Be2 0-0 6. Be3 e5 7. Nf3 Na6 8. 0-0 Ng4 9. Bg5 Qe8 10. d5 f5 11. Nd2 h6 12. Bh4 g5 13. Bxg4 fxg4 14. Bg3 h5 15. f3 gxf3 16. Rxf3 Rxf3 17. Nxf3 Bg4 18. h3 Bxf3 19. Qxf3 Qg6 20. Rf1 Rf8 21. Qe3 Rxf1+ 22. Kxf1 b6 23. a3 Nc5 24. b4 Nd7 25. Be1 Nf6 26. Ke2 g4 27. hxg4 Nxg4 28. Qf3 a6 29. Kd3 Bh6 30. Bh4 Bg5 31. Be1 Bh6 32. a4 Qg5 33. Na2 Kg7 34. a5 Ne3 35. Bd2 Qxg2 36. Qxg2+ Nxg2 37. Bxh6+ Kxh6 38. b5 h4 39. Nc3 h3 40. Nd1 axb5 41. a6 Nf4+ 42. Ke3 bxc4 43. a7 c3 44. Nxc3 h2 45. a8Q Nh5 46. Qf8+ Kg5 47. Qg8+ Kf6 48. Qf8+ Kg5 49. Qf3 1-0

[Event "Moscow Aeroflot op-B 10th"]
[Site "Moscow"]
[Date "2011.02.13"]
[Round "6"]
[White "Bajt, Indira"]
[Black "Bajarani, Ulvi"]
[Result "0-1"]
[WhiteElo "2215"]
[BlackElo "2393"]
[PlyCount "88"]
[EventDate "2011.02.08"]
[EventType "swiss"]
[EventRounds "9"]
[EventCountry "RUS"]
[SourceTitle "CBM 140 Extra"]
[Source "ChessBase"]
[SourceDate "2011.03.01"]
[SourceVersion "1"]
[SourceVersionDate "2011.03.01"]
[SourceQuality "1"]

1. e4 e6 2. d4 d5 3. Nc3 Nf6 4. Bg5 Be7 5. e5 Nfd7 6. h4 0-0 7. Bd3 c5 8. Qh5 g6 9. Qh6 Nc6 10. Nh3 Re8 11. Bxe7 Rxe7 12. Ng5 f6 13. Nxe6 Rxe6 14. Bxg6 Re7 15. Nxd5 hxg6 16. Nxe7+ Nxe7 17. 0-0-0 cxd4 18. Rxd4 fxe5 19. Rd2 Qf8 20. Qg5 Qf6 21. Qg3 Nf8 22. h5 Be6 23. hxg6 Nexg6 24. Qd3 Rc8 25. g3 Bf5 26. Qf3 Qe6 27. Kb1 Rc6 28. Qh5 Bg4 29. Qh6 Rd6 30. Rxd6 Qxd6 31. Qg5 Bf3 32. Re1 e4 33. a3 a6 34. Qe3 b5 35. Qg5 Kg7 36. Qf5 Ne6 37. Re3 Nd4 38. Qg5 Ne2 39. Ka2 Nc1+ 40. Kb1 Qd1 41. Qf5 Nb3+ 42. Ka2 Nd2 43. Qd7+ Kh6 44. Qh3+ Bh5 0-1

[Event "Moscow Aeroflot op-B 10th"]
[Site "Moscow"]
[Date "2011.02.08"]
[Round "1"]
[White "Shukh, Nikolai"]
[Black "Bajt, Indira"]
[Result "1-0"]
[WhiteElo "2442"]
[BlackElo "2215"]
[PlyCount "135"]
[EventDate "2011.02.08"]
[EventType "swiss"]
[EventRounds "9"]
[EventCountry "RUS"]
[SourceTitle "CBM 140 Extra"]
[Source "ChessBase"]
[SourceDate "2011.03.01"]
[SourceVersion "1"]
[SourceVersionDate "2011.03.01"]
[SourceQuality "1"]

1. e4 c5 2. Nf3 e6 3. d4 cxd4 4. c3 d3 5. Bxd3 d6 6. 0-0 Nf6 7. c4 Be7 8. Nc3 a6 9. h3 Qc7 10. Bf4 Nbd7 11. Rc1 b6 12. Qe2 Bb7 13. Rfd1 0-0 14. b4 Rfe8 15. a3 Rac8 16. c5 bxc5 17. Bxa6 e5 18. Bg5 Bxa6 19. Qxa6 Ra8 20. Qe2 Qb6 21. bxc5 Nxc5 22. Bxf6 Bxf6 23. Nd5 Qd8 24. Rc3 Ra4 25. Qb5 Ra8 26. Qe2 Ne6 27. Qc2 Bg5 28. a4 h6 29. Rb1 Qa5 30. h4 Be7 31. Rc4 Qd8 32. g3 Bf8 33. Kg2 Ra5 34. Rb5 Ra7 35. Qd2 Qd7 36. Rb1 Nf4+ 37. gxf4 Qg4+ 38. Kh2 Qxf3 39. Rg1 Kh8 40. f5 Rb8 41. Qe3 Qh5 42. Qg3 Qe2 43. Rgc1 Rab7 44. f6 g6 45. R1c2 Qd1 46. Ne3 Qa1 47. Qf3 Rb1 48. Rc7 Kg8 49. h5 Rg1 50. hxg6 Rxg6 51. Rc1 Rb1 52. Rxb1 Qxb1 53. Rc8 Qg1+ 54. Kh3 Rg5 55. Rd8 h5 56. a5 Qa1 57. Qd1 Qd4 58. Qxd4 exd4 59. Nc4 Rc5 60. a6 Rxc4 61. a7 Ra4 62. a8Q Rxa8 63. Rxa8 d3 64. Kh4 d2 65. Ra1 Bh6 66. Kxh5 Kh7 67. Rd1 Bf4 68. Kg4 1-0

[Event "SLO-chT Central Superliga 11th"]
[Site "Slovenia"]
[Date "2010.11.18"]
[Round "9.2"]
[White "Bajt, Indira"]
[Black "Hribar, Bojan"]
[Result "1-0"]
[WhiteElo "2204"]
[BlackElo "2202"]
[PlyCount "130"]
[EventDate "2010.09.09"]
[EventType "team-tourn"]
[EventRounds "9"]
[EventCountry "SLO"]
[SourceTitle "EXT 2022"]
[Source "ChessBase"]
[SourceDate "2021.10.06"]
[SourceVersion "1"]
[SourceVersionDate "2021.10.06"]
[SourceQuality "1"]
[WhiteTeam "Podpec MKK"]
[BlackTeam "Komenda Popotnik"]
[WhiteTeamCountry "SLO"]
[BlackTeamCountry "SLO"]

1. e4 d6 2. d4 g6 3. g3 Bg7 4. Ne2 Bg4 5. Bg2 Nc6 6. c3 e5 7. Be3 Bxe2 8. Kxe2 Qd7 9. Re1 Nf6 10. h3 d5 11. exd5 Nxd5 12. dxe5 Nxe3 13. Qxd7+ Kxd7 14. Kxe3 Nxe5 15. Na3 Rae8 16. Kd2 f5 17. Kc2 c6 18. Rad1+ Kc7 19. f4 Nd7 20. Nc4 Bf6 21. Bf3 Be7 22. Rd2 Bc5 23. Rde2 Nf6 24. Ne5 Rhf8 25. a4 a6 26. Rd1 Re7 27. Red2 Rfe8 28. b4 Be3 29. Rd6 Re6 30. R6d3 Bf2 31. g4 R8e7 32. g5 Ne8 33. Rd7+ Rxd7 34. Rxd7+ Kc8 35. Rxh7 Bg3 36. Nd3 Nc7 37. Rh8+ Re8 38. Rxe8+ Nxe8 39. Kd2 Nd6 40. Ke3 Nf7 41. Bd1 Kc7 42. Bb3 Nh8 43. Kf3 Bh4 44. Ke3 b6 45. c4 Bg3 46. c5 b5 47. axb5 axb5 48. Be6 Kd8 49. Ne5 Kc7 50. Bf7 Be1 51. Bxg6 Bxb4 52. Kd4 Bd2 53. h4 Be1 54. Bxf5 Bg3 55. g6 Bf2+ 56. Kd3 Nxg6 57. Nxg6 Bxc5 58. h5 Ba3 59. h6 Bb2 60. h7 Kd6 61. h8Q Bxh8 62. Nxh8 c5 63. Nf7+ Kd5 64. Bd7 c4+ 65. Kc3 Kc5 1-0

[Event "Olympiad Women-39"]
[Site "Khanty-Mansiysk"]
[Date "2010.09.24"]
[Round "4.6"]
[White "Bajt, Indira"]
[Black "Fuchs, Judith"]
[Result "0-1"]
[WhiteElo "2204"]
[BlackElo "2237"]
[PlyCount "110"]
[EventDate "2010.09.21"]
[EventType "team-swiss"]
[EventRounds "11"]
[EventCountry "RUS"]
[SourceTitle "CBM 139"]
[Source "ChessBase"]
[SourceDate "2010.11.18"]
[SourceVersion "1"]
[SourceVersionDate "2010.11.18"]
[SourceQuality "1"]
[WhiteTeam "Slovenia (W)"]
[BlackTeam "Germany (W)"]
[WhiteTeamCountry "SLO"]
[BlackTeamCountry "GER"]

1. e4 c6 2. d4 d5 3. e5 c5 4. dxc5 Nc6 5. Nf3 Bg4 6. Bb5 Qa5+ 7. Nc3 e6 8. Be3 Nge7 9. a3 Ng6 10. Qd4 Bxf3 11. gxf3 Be7 12. h4 h5 13. 0-0-0 Rc8 14. f4 0-0 15. Bxc6 Rxc6 16. Qb4 Qa6 17. Qb5 Qxb5 18. Nxb5 Bxc5 19. Bxc5 Rxc5 20. Nd6 Nxf4 21. Nxb7 Rc6 22. Na5 Rc7 23. Nb3 Rfc8 24. Rd2 Rc4 25. c3 Ng6 26. Re2 Rxh4 27. Rxh4 Nxh4 28. Nd4 Ng6 29. Kd2 Kf8 30. Re3 Ke7 31. b4 Kd7 32. b5 h4 33. Ne2 Rh8 34. Ng1 Rh5 35. Nf3 h3 36. Re1 Kc7 37. Kd3 Rf5 38. Nd4 Nxe5+ 39. Ke2 Rf4 40. Rh1 Rh4 41. f3 Kb6 42. a4 Rh8 43. Kf2 h2 44. Kg3 Nd3 45. Kg2 Nc5 46. a5+ Kxa5 47. Ra1+ Kb6 48. Kh1 Rh3 49. Ra2 g6 50. Re2 Nd3 51. Ra2 Kc5 52. Rd2 Kc4 53. Nc6 Kxb5 54. Nxa7+ Kc4 55. Nb5 Rxf3 0-1

[Event "Olympiad Women-39"]
[Site "Khanty-Mansiysk"]
[Date "2010.09.22"]
[Round "2.26"]
[White "Longson, Sarah N"]
[Black "Bajt, Indira"]
[Result "1-0"]
[WhiteElo "2084"]
[BlackElo "2204"]
[PlyCount "119"]
[EventDate "2010.09.21"]
[EventType "team-swiss"]
[EventRounds "11"]
[EventCountry "RUS"]
[SourceTitle "CBM 139"]
[Source "ChessBase"]
[SourceDate "2010.11.18"]
[SourceVersion "1"]
[SourceVersionDate "2010.11.18"]
[SourceQuality "1"]
[WhiteTeam "England (W)"]
[BlackTeam "Slovenia (W)"]
[WhiteTeamCountry "ENG"]
[BlackTeamCountry "SLO"]

1. e4 c5 2. Nf3 e6 3. d4 cxd4 4. Nxd4 a6 5. Nc3 Qc7 6. Bd3 Nf6 7. Be3 Bb4 8. Qd2 d5 9. exd5 Nxd5 10. Nde2 Nxe3 11. Qxe3 Be7 12. 0-0 Nd7 13. Ne4 Nc5 14. Nxc5 Qxc5 15. Qf3 0-0 16. Nc3 f5 17. Rfe1 Kh8 18. Qf4 Bd6 19. Qc4 b5 20. Qxc5 Bxc5 21. Rad1 Kg8 22. a3 Kf7 23. b4 Bd4 24. Nb1 Bf6 25. c4 bxc4 26. Bxc4 Re8 27. Rd6 Ra7 28. Rc6 Ra8 29. h3 Bb2 30. Re2 Bd4 31. Nd2 Bb2 32. Nf3 Bxa3 33. Ng5+ Kf8 34. Bxe6 Bxe6 35. Nxe6+ Kg8 36. Rb6 Re7 37. Re3 Rae8 38. Rxa3 Rxe6 39. Raxa6 Re1+ 40. Kh2 R8e7 41. Ra5 g6 42. Kg3 Rb1 43. Rab5 Rb3+ 44. f3 Rb2 45. Rb8+ Kf7 46. R5b7 Rxb7 47. Rxb7+ Ke6 48. h4 Ke5 49. b5 Kd5 50. Rxh7 Rxb5 51. Rh6 Rb1 52. Rxg6 Rh1 53. f4 Ra1 54. h5 Ra3+ 55. Kh4 Ke4 56. g3 Kf3 57. Rb6 Ra1 58. Rb3+ Ke4 59. Kg5 Rh1 60. h6 1-0

[Event "SLO-ch (Women)"]
[Site "Ljubljana"]
[Date "2010.08.14"]
[Round "8"]
[White "Bajt, Indira"]
[Black "Krivec, Jana"]
[Result "0-1"]
[WhiteElo "2189"]
[BlackElo "2318"]
[PlyCount "124"]
[EventDate "2010.08.07"]
[EventType "tourn"]
[EventRounds "9"]
[EventCountry "SLO"]
[SourceTitle "CBM 137 Extra"]
[Source "ChessBase"]
[SourceDate "2010.09.01"]
[SourceVersion "1"]
[SourceVersionDate "2010.09.01"]
[SourceQuality "1"]

1. e4 d6 2. d4 Nf6 3. Nc3 e5 4. Nf3 Nbd7 5. Bc4 Be7 6. 0-0 0-0 7. Re1 c6 8. a4 b6 9. Bg5 a6 10. Bxf6 Bxf6 11. d5 c5 12. Bd3 Bg5 13. Nd2 Bxd2 14. Qxd2 g6 15. Qh6 Nf6 16. Qh4 Qe7 17. g3 Kg7 18. f4 h6 19. Rad1 exf4 20. gxf4 Nxd5 21. Qxe7 Nxe7 22. Bc4 Rd8 23. e5 Nf5 24. e6 Bxe6 25. Bxe6 fxe6 26. Rxe6 Re8 27. Rxe8 Rxe8 28. Kf2 Nd4 29. Rd2 b5 30. axb5 axb5 31. Nd5 Rf8 32. c3 Rf5 33. Nc7 Rxf4+ 34. Kg3 Rf7 35. Ne8+ Kf8 36. Nxd6 Nf5+ 37. Nxf5 Rxf5 38. Rd7 c4 39. Rb7 Rd5 40. h4 Kg8 41. Kg4 Rf5 42. Rb8+ Kf7 43. Rb7+ Kf8 44. Kh3 h5 45. Kg3 g5 46. hxg5 Rxg5+ 47. Kf4 Rc5 48. Kg3 Rf5 49. Kh4 Ke8 50. Rh7 Rf2 51. Rxh5 Rxb2 52. Kg4 Kd7 53. Kf4 Kc6 54. Ke4 Re2+ 55. Kf4 Kb6 56. Rh1 b4 57. cxb4 Kb5 58. Rb1 c3 59. Kf3 Re8 60. Kf2 Kc4 61. b5 c2 62. Rc1 Kc3 0-1

[Event "SLO-ch (Women)"]
[Site "Ljubljana"]
[Date "2010.08.08"]
[Round "2"]
[White "Bajt, Indira"]
[Black "Kolaric, Spela"]
[Result "1-0"]
[WhiteElo "2189"]
[BlackElo "1996"]
[PlyCount "53"]
[EventDate "2010.08.07"]
[EventType "tourn"]
[EventRounds "9"]
[EventCountry "SLO"]
[SourceTitle "CBM 137 Extra"]
[Source "ChessBase"]
[SourceDate "2010.09.01"]
[SourceVersion "1"]
[SourceVersionDate "2010.09.01"]
[SourceQuality "1"]

1. e4 c5 2. Nf3 e6 3. d4 cxd4 4. Nxd4 a6 5. Bd3 Qc7 6. c4 Nf6 7. 0-0 Nc6 8. Nxc6 dxc6 9. f4 e5 10. f5 Bd7 11. Be3 Be7 12. a3 0-0 13. g4 Rfd8 14. g5 Ne8 15. c5 Bc8 16. Qb3 Rd4 17. Bxd4 exd4 18. g6 Bxc5 19. gxf7+ Kf8 20. fxe8Q+ Kxe8 21. Qg8+ Bf8 22. Nd2 b5 23. e5 c5 24. e6 Bb7 25. e7 Kxe7 26. Rae1+ Kf6 27. Qxh7 1-0

[Event "SLO-chT1a West"]
[Site "Ljubljana"]
[Date "2009.10.17"]
[Round "8.1"]
[White "Bajt, Indira"]
[Black "Vukic, Milan"]
[Result "1/2-1/2"]
[WhiteElo "2196"]
[BlackElo "2454"]
[PlyCount "67"]
[EventDate "2009.10.09"]
[EventType "team-tourn"]
[EventRounds "9"]
[EventCountry "SLO"]
[SourceTitle "EXT 2012"]
[Source "ChessBase"]
[SourceDate "2011.11.24"]
[SourceVersion "1"]
[SourceVersionDate "2011.11.24"]
[SourceQuality "1"]
[WhiteTeam "Novo Mesto Krka"]
[BlackTeam "Podpec"]
[WhiteTeamCountry "SLO"]
[BlackTeamCountry "SLO"]

1. e4 c5 2. Nf3 e6 3. d4 cxd4 4. Nxd4 Nf6 5. Nc3 Nc6 6. Ndb5 d6 7. Bf4 e5 8. Bg5 a6 9. Na3 b5 10. Bxf6 gxf6 11. Nd5 f5 12. c3 Bg7 13. exf5 Bxf5 14. Nc2 Be6 15. a4 0-0 16. axb5 axb5 17. Rxa8 Qxa8 18. Nce3 Qb7 19. g4 Ne7 20. Bg2 Nxd5 21. Bxd5 Qe7 22. h4 Rc8 23. g5 Rc5 24. Be4 d5 25. Nxd5 Bxd5 26. Bxd5 e4 27. Ke2 Qe5 28. Bb3 Qc7 29. Qg1 b4 30. g6 hxg6 31. Qxg6 Kf8 32. Qg3 bxc3 33. Qxc7 Rxc7 34. bxc3 1/2-1/2

[Event "SLO-chT1a West"]
[Site "Ljubljana"]
[Date "2009.10.16"]
[Round "6.1"]
[White "Bajt, Indira"]
[Black "Mencinger, Vojko"]
[Result "1/2-1/2"]
[WhiteElo "2196"]
[BlackElo "2424"]
[PlyCount "85"]
[EventDate "2009.10.09"]
[EventType "team-tourn"]
[EventRounds "9"]
[EventCountry "SLO"]
[SourceTitle "EXT 2012"]
[Source "ChessBase"]
[SourceDate "2011.11.24"]
[SourceVersion "1"]
[SourceVersionDate "2011.11.24"]
[SourceQuality "1"]
[WhiteTeam "Novo Mesto Krka"]
[BlackTeam "Gorenjka Lesce"]
[WhiteTeamCountry "SLO"]
[BlackTeamCountry "SLO"]

1. e4 c5 2. Nf3 d6 3. d4 cxd4 4. Nxd4 Nf6 5. Nc3 a6 6. Be3 e5 7. Nb3 Be7 8. f3 0-0 9. Qd2 Be6 10. 0-0-0 Nbd7 11. g4 b5 12. g5 Nh5 13. Nd5 Bxd5 14. exd5 f5 15. gxf6 Rxf6 16. Na5 Nf4 17. Nc6 Qe8 18. Re1 Bf8 19. Bxf4 Rxf4 20. Qxf4 exf4 21. Rxe8 Rxe8 22. Bh3 Ne5 23. Nd4 g6 24. Be6+ Kh8 25. h4 h5 26. b3 Bg7 27. Kd2 Bf6 28. c3 Kh7 29. Kc2 Re7 30. Rh3 Rc7 31. Ne2 Kh6 32. Nxf4 b4 33. Ne2 bxc3 34. Nxc3 Nd3 35. Kxd3 Rxc3+ 36. Kd2 a5 37. f4 Rc7 38. a3 Bb2 39. b4 Bc1+ 40. Kd1 Bxf4 41. Rb3 axb4 42. axb4 Be5 43. b5 1/2-1/2

[Event "SLO-chT1a West"]
[Site "Ljubljana"]
[Date "2009.10.11"]
[Round "5.1"]
[White "Zeleznik, Alojz"]
[Black "Bajt, Indira"]
[Result "0-1"]
[WhiteElo "2232"]
[BlackElo "2196"]
[PlyCount "44"]
[EventDate "2009.10.09"]
[EventType "team-tourn"]
[EventRounds "9"]
[EventCountry "SLO"]
[SourceTitle "EXT 2012"]
[Source "ChessBase"]
[SourceDate "2011.11.24"]
[SourceVersion "1"]
[SourceVersionDate "2011.11.24"]
[SourceQuality "1"]
[WhiteTeam "Jesenice"]
[BlackTeam "Novo Mesto Krka"]
[WhiteTeamCountry "SLO"]
[BlackTeamCountry "SLO"]

1. e4 c5 2. Nf3 Nc6 3. d4 cxd4 4. Nxd4 Nf6 5. Nc3 e5 6. Ndb5 d6 7. Bg5 a6 8. Bxf6 gxf6 9. Na3 b5 10. Nd5 Bg7 11. g3 f5 12. Bg2 0-0 13. exf5 Bxf5 14. Ne3 Ne7 15. Nxf5 Nxf5 16. Bxa8 Qxa8 17. 0-0 Nd4 18. f3 e4 19. fxe4 Qxe4 20. Rf2 Re8 21. h3 Ne2+ 22. Kh2 Bxb2 0-1

[Event "SLO-chT1a West"]
[Site "Ljubljana"]
[Date "2009.10.09"]
[Round "1.1"]
[White "Loncar, Robert"]
[Black "Bajt, Indira"]
[Result "1-0"]
[WhiteElo "2427"]
[BlackElo "2196"]
[PlyCount "67"]
[EventDate "2009.10.09"]
[EventType "team-tourn"]
[EventRounds "9"]
[EventCountry "SLO"]
[SourceTitle "EXT 2012"]
[Source "ChessBase"]
[SourceDate "2011.11.24"]
[SourceVersion "1"]
[SourceVersionDate "2011.11.24"]
[SourceQuality "1"]
[WhiteTeam "Kocevje"]
[BlackTeam "Novo Mesto Krka"]
[WhiteTeamCountry "SLO"]
[BlackTeamCountry "SLO"]

1. e4 c5 2. Nf3 Nc6 3. Bb5 Nf6 4. Nc3 Qc7 5. 0-0 Nd4 6. Re1 a6 7. Bc4 b5 8. Nd5 Nxd5 9. Bxd5 Rb8 10. Nxd4 cxd4 11. Bb3 e6 12. Qh5 d3 13. c3 Bc5 14. Qf3 Qb6 15. a3 Bb7 16. Qg3 0-0 17. Ba2 f5 18. b4 Bd6 19. e5 Be7 20. Qxd3 Rbd8 21. Qh3 f4 22. d4 f3 23. Bb1 g6 24. Bh6 Rf7 25. Qg4 Bf8 26. Be3 Qc7 27. Bg5 Rc8 28. Re3 fxg2 29. Bf6 Bg7 30. Bxg6 hxg6 31. Qxg6 d6 32. Rh3 dxe5 33. Qh7+ Kf8 34. Qh8+ 1-0

[Event "SLO-chT 18th"]
[Site "Murska Sobota"]
[Date "2008.12.13"]
[Round "8"]
[White "Kos, Toni"]
[Black "Bajt, Indira"]
[Result "1-0"]
[WhiteElo "2328"]
[BlackElo "2200"]
[PlyCount "41"]
[EventDate "2008.12.06"]
[EventType "team-tourn"]
[EventRounds "9"]
[EventCountry "SLO"]
[SourceTitle "CBM 127 Extra"]
[Source "ChessBase"]
[SourceDate "2009.01.08"]
[SourceVersion "2"]
[SourceVersionDate "2009.01.28"]
[SourceQuality "1"]
[WhiteTeam "Krsko Triglav"]
[BlackTeam "Krka Novo mesto"]
[WhiteTeamCountry "SLO"]
[BlackTeamCountry "SLO"]

1. e4 c5 2. c3 d5 3. exd5 Qxd5 4. d4 g6 5. Na3 cxd4 6. Nb5 Na6 7. Be3 Nf6 8. Qxd4 Bg7 9. Qxd5 Nxd5 10. Bxa7 Nxc3 11. bxc3 Rxa7 12. Nxa7 Bxc3+ 13. Kd1 Bxa1 14. Nxc8 Bd4 15. Nf3 Bc5 16. Bb5+ Kd8 17. Bxa6 bxa6 18. Ke2 Kd7 19. Rd1+ Kc6 20. Ne5+ Kb7 21. Rb1+ 1-0